Energetická integrácia dvojstupňového splyňovania odpadu a biomasy
Gespeichert in:
| 1. Verfasser: | |
|---|---|
| Weitere Verfasser: | |
| Format: | Manuskript Buch |
| Sprache: | Slowakisch |
| Veröffentlicht: |
2019
|
| Schlagworte: | |
| Online-Zugang: | http://is.stuba.sk/zp/portal_zp.pl?podrobnosti=135862 |
| Tags: |
Keine Tags, Fügen Sie das erste Tag hinzu!
|
MARC
| LEADER | 00000ntm a22000003a 4500 | ||
|---|---|---|---|
| 001 | stuzp74831 | ||
| 003 | SK-STU | ||
| 005 | 20190622212249.3 | ||
| 007 | ta | ||
| 008 | 150427s2015----xo-----f-mn---000-0-slo-d | ||
| 040 | |a STU |b slo | ||
| 041 | 0 | |a slo | |
| 100 | 1 | |a Labanc, Márton |u 046230 |4 aut |U FCHPT Ústav chemického a environmentálneho inžinierstva |T FCHPT Oddelenie chemického a biochemického inžinierstva |X 86844 |U C6230 |Y 119 |7 86844 | |
| 242 | 0 | 1 | |a Energy Integration of Two Stage Gasification of Waste and Biomass |y eng |
| 245 | 1 | 0 | |a Energetická integrácia dvojstupňového splyňovania odpadu a biomasy |
| 260 | |c 2019 | ||
| 650 | 4 | |a biomasa |2 slo | |
| 650 | 4 | |a pyrolýza |2 slo | |
| 650 | 4 | |a dvojstupňové splyňovanie |2 slo | |
| 650 | 4 | |a energetická integrácia |2 slo | |
| 650 | 4 | |a two - stage gasification |2 eng | |
| 650 | 4 | |a biomass |2 eng | |
| 650 | 4 | |a pyrolysis |2 eng | |
| 650 | 4 | |a energy integration |2 eng | |
| 700 | 1 | |a Haydary, Juma |u 046230 |k Z1 |4 ths |U FCHPT Ústav chemického a environmentálneho inžinierstva |T FCHPT Oddelenie chemického a biochemického inžinierstva |X 3923 |U C6230 |Y 119 |7 A000003923 | |
| 856 | 4 | |u http://is.stuba.sk/zp/portal_zp.pl?podrobnosti=135862 | |